Contaminated groundwater and sediment : (Record no. 1688)

000 -LEADER
fixed length control field 00568 a2200121 4500
020 ## - INTERNATIONAL STANDARD BOOK NUMBER
International Standard Book Number 156670667X (alk. paper)
082 ## - DEWEY DECIMAL CLASSIFICATION NUMBER
Classification number 628.168 CHI
245 ## - TITLE STATEMENT
Title Contaminated groundwater and sediment :
Remainder of title modeling for management and remediation /
Statement of responsibility, etc. edited by Calvin C. Chien ... [et al.].
260 ## - PUBLICATION, DISTRIBUTION, ETC.
Place of publication, distribution, etc. Boca Raton, Fla. : äb Lewis Publishers, äcc2004.
Date of publication, distribution, etc. 2004
300 ## - PHYSICAL DESCRIPTION
Extent 274 p. : äb ill., maps ; äc 25 cm.
650 ## - SUBJECT ADDED ENTRY--TOPICAL TERM
Topical term or geographic name entry element Groundwater
General subdivision Pollution
-- Mathematical models.
650 ## - SUBJECT ADDED ENTRY--TOPICAL TERM
Topical term or geographic name entry element Contaminated sediments
General subdivision Mathematical models.
650 ## - SUBJECT ADDED ENTRY--TOPICAL TERM
Topical term or geographic name entry element Organochlorine compounds
General subdivision Environmental aspects
-- Mathematical models.
Holdings
Withdrawn status Lost status Damaged status Not for loan Permanent Location Current Location Shelving location Date acquired Total Checkouts Full call number Barcode Date last seen Price effective from Koha item type
        School of Civil and Environmental Engineering (SCEE) School of Civil and Environmental Engineering (SCEE)       628.168 CHI NIT-5416 01/05/2017 01/05/2017 Book
        School of Civil and Environmental Engineering (SCEE) School of Civil and Environmental Engineering (SCEE)         NIT-5087 01/05/2017 01/05/2017 Book
© 2023 Central Library, National University of Sciences and Technology. All Rights Reserved.